000 00954nam1a22002171i 4500
001 v19\rc\2097973
005 20260407002942.0
035 _a(NLR Aleph) 005168118
090 _a5045284
_c5045284
100 _a20081218d1915 |||y0rusy50 ca
101 0 _arus
102 _aRU
105 _ay j |||||
200 1 _aТекущая статистика по начальным школам Владимирской губернии за 1913-1914 учебный год
_eВып. 1-
_fСтат. отд-ние Владимирской губ. зем. управы
210 _aВладимир-на-Клязьме
_cтипо-лит. Губ. зем. управы
_d1915
215 _d24
712 0 2 _aВладимирская губернская земская управа
_bСтатистическое отделение
_9483686
_3RU\NLR\AUTH\889993599
801 0 _aRU
_bNLR
_gpsbo
801 1 _aRU
_bProSoft-M
_2rusmarc
852 _aNLR
_j122/171(1)
942 _cBOOK